El misterio de los océanos

Salvato in:
Dettagli Bibliografici
Autore principale: Erickson, Jon (Autore)
Natura: Libro
Lingua:spagnolo
Pubblicazione: Madrid McGraw-Hill 1992
Edizione:1a. ed
Serie:Serie McGraw-Hill de Divulgación Científica
Soggetti:
Tags: Aggiungi Tag
Nessun Tag, puoi essere il primo ad aggiungerne!!

MARC

LEADER 00000nam a2200000 a 4500
001 UCV5377
003 CL-VaPUC
008 930526e19920000SP |||||||||||||||||spa|d
020 |a 8476157800 
082 0 4 |a 551.46  |b ERI  |2 21 
100 0 |a Erickson, Jon  |e author  |9 299712 
245 1 3 |a El misterio de los océanos 
250 |a 1a. ed 
300 |a 298 p 
942 |c BK 
945 |d 19930526 00:00:00 
260 |a Madrid  |b McGraw-Hill  |c 1992 
650 7 |a OCEANO  |2 CL-VaPUC  |9 261539 
650 7 |a EXPLORACIONES SUBMARINAS  |2 CL-VaPUC  |9 261765 
650 7 |a CONTAMINACION MARINA  |2 CL-VaPUC  |9 299713 
583 |a last modification  |c 19930526 00:00:00  |k Rodrigo Vera 
490 0 |a Serie McGraw-Hill de Divulgación Científica 
999 |c 211923  |d 211921 
952 |0 0  |1 0  |4 0  |6 551_460000000000000_ERI_1992  |7 0  |8 CCM  |9 191962  |a BIBCUR  |b BIBCUR  |d 2019-11-14  |i 2594978  |o 551.46 ERI 1992  |p 2594978  |r 2025-04-22  |w 2019-11-14  |y BK  |k CIM 
952 |0 0  |1 0  |4 0  |6 551_460000000000000_ERI_1992  |7 0  |8 A  |9 191963  |a BIBING  |b BIBING  |d 2019-11-14  |i 4176065  |o 551.46 ERI 1992  |p 4176065  |r 2025-01-20  |w 2019-11-14  |y BK  |k GEO